Hóa dược và kỹ thuật tổng hợp 1 Bài giảng
Trình bày những hiểu biết chung về thuốc, về nghiên cứu thuốc, những kiến thức liên quan đến cấu trúc và tác dụng, về các yếu tố ảnh hưởng đến hoạt tính sinh học của một số chất, về dược lý, dược động học của thuốc....
Đã lưu trong:
| Hovedforfatter: | |
|---|---|
| Format: | Bog |
| Sprog: | Undetermined |
| Udgivet: |
H.
Khoa học và kỹ thuật
2006
|
| Fag: | |
| Online adgang: | http://lrc.tdmu.edu.vn/opac/search/detail.asp?aID=2&ID=7609 |
| Tags: |
Tilføj Tag
Ingen Tags, Vær først til at tagge denne postø!
|
| Thư viện lưu trữ: | Trung tâm Học liệu Trường Đại học Thủ Dầu Một |
|---|
| LEADER | 01031nam a2200217Ia 4500 | ||
|---|---|---|---|
| 001 | TDMU_7609 | ||
| 008 | 210410s9999 xx 000 0 und d | ||
| 082 | |a 615 | ||
| 090 | |b PH105 | ||
| 100 | |a Phan, Đình Châu | ||
| 245 | 0 | |a Hóa dược và kỹ thuật tổng hợp 1 | |
| 245 | 0 | |b Bài giảng | |
| 245 | 0 | |c Phan Đình Châu | |
| 260 | |a H. | ||
| 260 | |b Khoa học và kỹ thuật | ||
| 260 | |c 2006 | ||
| 300 | |a 296 tr. | ||
| 520 | |a Trình bày những hiểu biết chung về thuốc, về nghiên cứu thuốc, những kiến thức liên quan đến cấu trúc và tác dụng, về các yếu tố ảnh hưởng đến hoạt tính sinh học của một số chất, về dược lý, dược động học của thuốc. | ||
| 650 | |a Dược lý học; Hóa dược | ||
| 856 | |u http://lrc.tdmu.edu.vn/opac/search/detail.asp?aID=2&ID=7609 | ||
| 980 | |a Trung tâm Học liệu Trường Đại học Thủ Dầu Một | ||